000 00253nam a2200109Ia 4500
008 190216s9999||||xx |||||||||||||| ||und||
100 _aGurdeep Raj
245 0 _aSurface Chemistry
260 _bKrishna Prakashan Media
_c2002
300 _a164
942 _cBK
999 _c3018
_d3018